000 01434nam0a2200397 4500
001 RU\NLR\bibl\333714
005 20260406063511.0
010 _a5-901620-19-4
_bВ пер.
_93000
021 _aRU
_b2002-37068
_91812
035 _a(NLR Aleph) 000328664
090 _a142947
_c142947
100 _a20021025d2002 |||y0rusy50 ca
101 1 _arus
_ceng
102 _aRU
_aUA
105 _ay |||||||||
200 1 _aЗаконы оккультизма
_eТеория внутрен. пл. и основы психич. феноменов
_aАстрологические сигнатуры
_eЭволюция души и природа астрол. энергий
_e[Пер. с англ.
_fК. К. Заин]
210 _aКиев
_cЯнус
_aСПб.
_cЭкслибрис
_d2002
215 _a287 с.
_d24
606 0 _aАстрология
_91178522
_3RU\NLR\auth\66156241
606 0 _aОккультизм
_91388572
_3RU\NLR\auth\66270145
610 0 _aАстрология
675 _a133
_v3
_zrus
686 _a02
_2rugasnti
686 _a86.42
_2rubbk
686 _aЭ391.211
686 _aЭ391.4
700 1 _4070
_8rus
_7ca
_aЗаин
_bК. К.
_3RU\NLR\auth\7713487
_9123176
801 0 _aRU
_bRKP
_c20021025
_gPSBO
801 1 _aRU
_bRKP
_c20021025
801 2 _aRU
_bNLR
_c20021209
_grcr
942 _cBOOK
980 _aNB